DC Heroes Secret Identities Quiz Stats

 Plays Quiz not verified by Sporcle

Challenge
Share
Tweet
Embed
Score 0/98 Timer 12:00
0 Plays Today
real name hero % Correct
Bruce WayneBatman
100%
Holly GrangerHawk
100%
Clark KentSuperman
99.6%
Diana PrinceWonderwoman
99.6%
Barry AllenFlash
99.2%
Hal JordanGreen Lantern
99.2%
Jay GarrickFlash
99.2%
Allan ScottGreen Lantern
99.2%
Kyle RaynerGreen Lantern
99.2%
John StewartGreen Lantern
99.2%
Oliver QueenGreen Arrow
97%
J'onn J'onzzMartian Manhunter
96.2%
Arthur CurryAquaman
95.5%
Dick GraysonRobin
94%
Kara Zor-ElSupergirl
93.6%
Hank HallHawk
90.6%
Dinah Laurel LanceBlack Canary
90.2%
Carter HallHawkman
89.4%
Billy BatsonCaptain Marvel
88.7%
Barbara GordonBatgirl
87.5%
Wally WestKid Flash
86.8%
Shiera SandersHawkgirl
85.3%
Victor StoneCyborg
85.3%
Roy HarperSpeedy
84.5%
Conner KentSuperboy
84.2%
Garfield LoganBeastboy
83%
Al PrattAtom
81.9%
Ray PalmerAtom
81.9%
Donna TroyWondergirl
77.4%
Ted KordBlue Beetle
76.2%
Koriand'rStarfire
76.2%
Helen BertinelliHuntress
75.5%
Don HallDove
73.1%
real name hero % Correct
Beatriz DeCostaFire
72.8%
Eel O'BrianPlasticman
70.6%
Rachel RothRaven
70.2%
M'Gann M'orzzMiss Martian
69.4%
Kent NelsonDr Fate
68.3%
GarthAqualad
67.5%
Ralph DibnyElongated Man
66.8%
Karen StarrPowergirl
66.4%
Courtney WhitmoreStar Girl
63.4%
Ronnie RaymondFirestorm
63%
Ted GrantWildcat
62.3%
Dawn GrangerDove
62.3%
Michael Jon CarterBooster Gold
61.9%
Barda FreeBig Barda
61.5%
Tora OlafsdotterIce
60.4%
Jason BloodEtrigan
56.2%
Nate AdamCaptain Atom
54%
Mary BatsonMary Marvel
52.8%
Buddy BakerAnimal Man
52.1%
John SmithRed Tornado
51.7%
Mari Jiwi McCabeVixen
51.3%
Boston BrandDeadman
50.6%
Rex MasonMetamorpho
49.8%
Jim CorriganSpectre
47.2%
Rex TylerHourman
46.4%
Joseph WIlsonJericho
46.2%
Jefferson PierceBlack Lightning
45.7%
John Henry IronsSteele
44.5%
Scott FreeMr Miracle
44.2%
Al RothsteinAtom Smasher
43.8%
Terry SloanMr Terrific
43.4%
Michael HoltMr Terrific
43.4%
Wesley DoddsSandman
42.3%
real name hero % Correct
Ted KnightStarman
39.6%
Charles McNiderDr Midnite
39.2%
Paco RamoneVibe
38.1%
Jim HarperGuardian
36.6%
Sir JustinShining Knight
36.6%
Libby LawrenceLiberty Belle
35.8%
Karen BeecherBumblebee
33.6%
Hank HeywoodCommander Steel
32.8%
Johnny ChambersJohnny Quick
32.5%
Cliff SteeleRobotman
32.5%
Rita FarrElastigirl
32.5%
Sylvester PembertonStar Spangled Kid
30.9%
Pat DuganSTRIPE
30.6%
Larry TrainorNegative Man
29.1%
Daniel Patrick CassidyBlue Devil
29.1%
Greg SaundersVigilante
28.3%
Rory ReganRagman
27.9%
Cindy ReynoldsGypsy
26.8%
Sandy HawkinsSandy the Golden Boy
26%
Tara MarkovTerra
23.4%
Steve DaytonMento
22.6%
Freddy FreemanCaptain Marvel Jr
22.3%
Maxine HunkleCyclone
18.5%
Tex ThompsonMr America
14.3%
Sandra KnightPhantom Lady
13.6%
Darrell DaneDollman
12.1%
Roy LincolnHuman Bomb
12.1%
Joan DaleMiss America
11.7%
Richard Grey, Jr. Black Condor
9.4%
Max CrandallMax Mercury
9.1%
Jim BarrBulletman
7.9%
Tom Ludlow HallawayAlias the Spider
0%

You're not logged in!

Compare scores with friends on all Sporcle quizzes.
Join for Free
OR
Log In

You Might Also Like...

Show Comments

Extras

Top Quizzes Today


Score Distribution

Your Account Isn't Verified!

In order to create a playlist on Sporcle, you need to verify the email address you used during registration. Go to your Sporcle Settings to finish the process.

Report this User

Report this user for behavior that violates our Community Guidelines.

Details: